Twilight of the mammoths : ice age extinctions and the rewilding of America

Αποθηκεύτηκε σε:
Λεπτομέρειες βιβλιογραφικής εγγραφής
Κύριος συγγραφέας: Martin, Paul S. (Paul Schultz) 1928-
Μορφή: Βιβλίο
Γλώσσα:English
Δημοσίευση: Berkeley : University of California Press, c2005
Σειρά:Organisms and environments ; ; 8
Θέματα:
Ετικέτες: Προσθήκη ετικέτας
Δεν υπάρχουν, Καταχωρήστε ετικέτα πρώτοι!

MARC

LEADER 00000nam a2200000 i 4500
001 1/82079
008 080414s2005 eng d
020 |a 978-0-520-2314-2 
020 |a 0-520-23141-4 
035 |l 10096586 
040 |a GR-MY-UA  |b gre  |e aacr 
041 0 |a eng 
082 0 |a 560.1792097  |2 (22) 
100 1 |a Martin, Paul S.  |q (Paul Schultz)  |d 1928- 
245 1 0 |a Twilight of the mammoths :  |b ice age extinctions and the rewilding of America /  |c Paul S. Martin 
260 |a Berkeley :   |b University of California Press,   |c c2005 
300 |a xix 250 σ.;  |b εικ., πίν., φωτ., χάρτης;  |c 24 εκ. 
490 1 |a Organisms and environments  |v ; 8 
504 |a Βιβλιογραφία: σ. 217-241 
504 |a Ευρετήριο: σ. 243-250 
650 0 0 |a Extinction (Biology) 
830 0 |a Organisms and environments ;  |v ; 8 
852 |a INST  |b LESVOS  |e 20080414  |h 560.1792097 MAR  |p 005100038651  |q 005100038651  |t BK  |y 0 
901 |a BIBL1-2008-1 
909 |a Λ  |b 144217 
922 |a 1ΕΛΗ  |b 200801  |c ΕΠΕΑΕΚ2/ΤΠ  |d ΠΑΠΑΣΩΤΗΡΙΟΥ 
970 |a ΓΙΑΛΑΜΑ  |b ΜΑΡΙΑ  |z 2008/04/14